[Event "Oberliga Nord W 1920"]
[Site "Germany"]
[Date "2020.01.19"]
[Round "5.6"]
[White "Zschischang, Marine"]
[Black "Oehne, Timo"]
[Result "1/2-1/2"]
[WhiteElo "2073"]
[BlackElo "2097"]
[PlyCount "101"]
[EventDate "2019.09.29"]
[EventType "team-tourn"]
[EventRounds "9"]
[EventCountry "GER"]
[SourceTitle "CBM 195 Extra"]
[Source "ChessBase"]
[SourceDate "2020.05.31"]
[SourceVersion "1"]
[SourceVersionDate "2020.05.31"]
[SourceQuality "1"]

1. d4 Nf6 2. Nf3 g6 3. Nc3 Bg7 4. e4 d6 5. Be3 0-0 6. Qd2 a6 7. Bh6 b5 8. Bxg7 Kxg7 9. Bd3 Bb7 10. Qf4 b4 11. Ne2 Nbd7 12. Ng3 e5 13. dxe5 Nxe5 14. Nxe5 dxe5 15. Qxe5 Re8 16. Qf4 Nxe4 17. Nxe4 Bxe4 18. 0-0-0 Qf6 19. Qxf6+ Kxf6 20. Rhe1 Bxd3 21. cxd3 a5 22. Kd2 Rxe1 23. Rxe1 Ra6 24. Rc1 c6 25. d4 Ke6 26. Kd3 Kd6 27. Kc4 f6 28. Re1 Ra8 29. f4 Rc8 30. Re3 Rb8 31. g4 Rb5 32. Re8 h5 33. h3 hxg4 34. hxg4 Kd7 35. Rg8 g5 36. f5 Rd5 37. Rg7+ Kd8 38. Rf7 Rd6 39. Ra7 Rd5 40. Rh7 Rd6 41. Rh8+ Kd7 42. Rh2 Rd5 43. Rd2 Rd6 44. d5 Kc7 45. Kc5 cxd5 46. Rxd5 Rc6+ 47. Kb5 b3 48. a3 Rc2 49. Rc5+ Kd6 50. Rc4 Rxb2 51. Kxa5 1/2-1/2

[Event "Oberliga Nord W 1718"]
[Site "Germany"]
[Date "2017.12.10"]
[Round "4.5"]
[White "Oehne, Timo"]
[Black "David, Adrian"]
[Result "1/2-1/2"]
[WhiteElo "2138"]
[BlackElo "2250"]
[PlyCount "30"]
[EventDate "2017.10.08"]
[EventType "team-tourn"]
[EventRounds "9"]
[EventCountry "GER"]
[SourceTitle "EXT 2019"]
[Source "ChessBase"]
[SourceDate "2018.10.10"]
[SourceVersion "1"]
[SourceVersionDate "2018.10.10"]
[SourceQuality "1"]
[WhiteTeam "Nordhorn Blanke"]
[BlackTeam "Hameln"]
[WhiteTeamCountry "GER"]
[BlackTeamCountry "GER"]

1. e4 c5 2. Nf3 e6 3. d4 cxd4 4. Nxd4 Qb6 5. a4 a6 6. a5 Qc7 7. Bd3 Nf6 8. 0-0 d5 9. exd5 Nxd5 10. Nd2 Be7 11. Nc4 Nd7 12. Qg4 h5 13. Qf3 Ne5 14. Nxe5 Qxe5 15. Qe4 Bd6 1/2-1/2

[Event "Oberliga Nord W 1617"]
[Site "Germany"]
[Date "2017.04.23"]
[Round "8.3"]
[White "Oehne, Timo"]
[Black "Kardoeus, David"]
[Result "1/2-1/2"]
[WhiteElo "2140"]
[BlackElo "2173"]
[PlyCount "105"]
[EventDate "2016.10.16"]
[EventType "team-tourn"]
[EventRounds "9"]
[EventCountry "GER"]
[SourceTitle "EXT 2018"]
[Source "ChessBase"]
[SourceDate "2017.10.13"]
[SourceVersion "1"]
[SourceVersionDate "2017.10.13"]
[SourceQuality "1"]
[WhiteTeam "Nordhorn Blanke"]
[BlackTeam "Werder Bremen"]
[WhiteTeamCountry "GER"]
[BlackTeamCountry "GER"]

1. e4 e5 2. Nf3 Nc6 3. Nc3 Nf6 4. d4 exd4 5. Nxd4 Bb4 6. Nxc6 bxc6 7. Bd3 d5 8. exd5 0-0 9. 0-0 cxd5 10. h3 c6 11. Qf3 Bd6 12. Bf4 Be6 13. Bxd6 Qxd6 14. Rfd1 Rab8 15. b3 c5 16. Ne2 Qc7 17. Ng3 c4 18. Bf5 g6 19. Bxe6 fxe6 20. Qe2 e5 21. h4 c3 22. h5 Rb4 23. Re1 Ng4 24. Rf1 Qc5 25. Rad1 Rbf4 26. b4 Qb6 27. Nh1 Re4 28. Qd3 Rd4 29. Qe2 gxh5 30. a3 Re4 31. Qd3 Rd4 32. Qe2 Re4 33. Qd3 Nf6 34. Qxc3 Kh8 35. Ng3 d4 36. Qf3 Rf4 37. Qe2 Qe6 38. Nxh5 Nxh5 39. Qxh5 Rg8 40. g3 Rf5 41. Qh3 Rg6 42. Rfe1 Rh6 43. Qg2 Rfh5 44. Qa8+ Kg7 45. Qb7+ Kf6 46. Qf3+ Kg5 47. Kf1 Rf6 48. Qg2 Qf5 49. Rd3 Rh1+ 50. Ke2 Rxe1+ 51. Kxe1 Qe6 52. Qe4 Kh6 53. Qh4+ 1/2-1/2

[Event "Oberliga Nord W 1516"]
[Site "Germany"]
[Date "2016.01.31"]
[Round "6.5"]
[White "Oehne, Timo"]
[Black "Stock, Joerg"]
[Result "1/2-1/2"]
[WhiteElo "2010"]
[BlackElo "2161"]
[PlyCount "116"]
[EventDate "2015.09.20"]
[EventType "team-tourn"]
[EventRounds "9"]
[EventCountry "GER"]
[SourceTitle "EXT 2017"]
[Source "ChessBase"]
[SourceDate "2016.10.25"]
[SourceVersion "1"]
[SourceVersionDate "2016.10.25"]
[SourceQuality "1"]
[WhiteTeam "Nordhorn Blanke"]
[BlackTeam "Hellern"]
[WhiteTeamCountry "GER"]
[BlackTeamCountry "GER"]

1. e4 c5 2. Nf3 e6 3. d4 cxd4 4. Nxd4 a6 5. Bd3 Nf6 6. 0-0 Qc7 7. Kh1 Nc6 8. Nxc6 dxc6 9. f4 e5 10. fxe5 Ng4 11. Bf4 Nxe5 12. Bc4 f6 13. Qh5+ g6 14. Bxe5 Qxe5 15. Bf7+ Ke7 16. Bxg6 Qxh5 17. Bxh5 Bh6 18. Nc3 Be6 19. Na4 Be3 20. Rf3 Bd4 21. c3 Ba7 22. b4 Rhg8 23. Rff1 b5 24. Nb2 Rad8 25. Rfd1 Rxd1+ 26. Nxd1 Rd8 27. a4 Bb8 28. axb5 axb5 29. Ra6 Kd7 30. Bf3 Be5 31. Ra7+ Kc8 32. Ra8+ Kc7 33. Ra3 Kb6 34. Kg1 Rd2 35. h4 Ra2 36. Rxa2 Bxa2 37. Kf2 Bb3 38. Ke3 Bxd1 39. Bxd1 Bxc3 40. g4 Bxb4 41. g5 Be7 42. Kf4 fxg5+ 43. hxg5 c5 44. e5 c4 45. Bc2 b4 46. Bxh7 b3 47. g6 Bf8 48. e6 c3 49. e7 Bxe7 50. g7 c2 51. g8Q c1Q+ 52. Kf3 Qf1+ 53. Kg4 Qg2+ 54. Kf5 Qf3+ 55. Ke6 Qf6+ 56. Kd7 Qd6+ 57. Ke8 Qd8+ 58. Kf7 Qxg8+ 1/2-1/2

[Event "Guernsey op 41st"]
[Site "Vale"]
[Date "2015.10.23"]
[Round "6"]
[White "Abbas, Daniel Karim"]
[Black "Oehne, Timo"]
[Result "1-0"]
[WhiteElo "2168"]
[BlackElo "2010"]
[PlyCount "81"]
[EventDate "2015.10.18"]
[EventType "swiss"]
[EventRounds "7"]
[EventCountry "GCI"]
[SourceTitle "CBM 168 Extra"]
[Source "ChessBase"]
[SourceDate "2015.10.29"]
[SourceVersion "1"]
[SourceVersionDate "2015.10.29"]
[SourceQuality "1"]

1. e4 c5 2. Nf3 Nc6 3. Bb5 g6 4. Bxc6 bxc6 5. 0-0 Bg7 6. c3 Nf6 7. e5 Nd5 8. d4 cxd4 9. c4 Nc7 10. Qxd4 Ne6 11. Qh4 0-0 12. Nc3 f6 13. Re1 fxe5 14. Nxe5 Rf5 15. Nf3 d5 16. Bg5 Nxg5 17. Nxg5 h6 18. Ne6 Bxe6 19. Rxe6 Qb6 20. Nxd5 cxd5 21. Rxb6 axb6 22. cxd5 Rxd5 23. Qc4 e6 24. Qc6 Rad8 25. h4 R8d6 26. Qe8+ Kh7 27. Rc1 Rd1+ 28. Rxd1 Rxd1+ 29. Kh2 Rd2 30. Qxe6 Rxb2 31. h5 g5 32. Kg3 Rb4 33. a3 Rb2 34. Kf3 b5 35. Qd5 Kh8 36. Qc5 Rb3+ 37. Kg4 Rc3 38. Qd6 Rc4+ 39. Kf5 Rf4+ 40. Kg6 Rxf2 41. Qe7 1-0

[Event "Guernsey op 41st"]
[Site "Vale"]
[Date "2015.10.21"]
[Round "4"]
[White "Oehne, Timo"]
[Black "Dilleigh, Stephen P"]
[Result "1-0"]
[WhiteElo "2010"]
[BlackElo "2074"]
[PlyCount "59"]
[EventDate "2015.10.18"]
[EventType "swiss"]
[EventRounds "7"]
[EventCountry "GCI"]
[SourceTitle "EXT 2017"]
[Source "ChessBase"]
[SourceDate "2016.10.25"]
[SourceVersion "1"]
[SourceVersionDate "2016.10.25"]
[SourceQuality "1"]

1. e4 c5 2. Nf3 e6 3. d4 cxd4 4. Nxd4 Nf6 5. Nc3 d6 6. Bd3 Nc6 7. Nb3 Be7 8. f4 0-0 9. Qf3 a5 10. Be3 a4 11. Nd4 a3 12. Nxc6 bxc6 13. b3 d5 14. e5 d4 15. 0-0-0 dxe3 16. exf6 Bxf6 17. Bxh7+ Kxh7 18. Rxd8 Rxd8 19. Ne4 Bb2+ 20. Kb1 f6 21. Qxe3 e5 22. Qf3 exf4 23. Nc5 Rd5 24. Nd3 Be5 25. g3 Bb7 26. gxf4 Bd4 27. Re1 Rad8 28. Re7 Bc8 29. Ne5 Be6 30. Qh5+ 1-0

[Event "Oberliga Nord W 1516"]
[Site "Germany"]
[Date "2015.10.11"]
[Round "2.5"]
[White "Oehne, Timo"]
[Black "Hampel, Felix"]
[Result "0-1"]
[WhiteElo "2010"]
[BlackElo "2183"]
[PlyCount "62"]
[EventDate "2015.09.20"]
[EventType "team-tourn"]
[EventRounds "9"]
[EventCountry "GER"]
[SourceTitle "CBM 170 Extra"]
[Source "ChessBase"]
[SourceDate "2016.02.25"]
[SourceVersion "1"]
[SourceVersionDate "2016.02.25"]
[SourceQuality "1"]
[WhiteTeam "Nordhorn Blanke"]
[BlackTeam "Lister Turm"]
[WhiteTeamCountry "GER"]
[BlackTeamCountry "GER"]

1. e4 g6 2. d4 Bg7 3. Nc3 d6 4. Be3 a6 5. a4 Nf6 6. f3 0-0 7. Qd2 e5 8. Nge2 exd4 9. Nxd4 Nc6 10. 0-0-0 Nxd4 11. Bxd4 b5 12. g4 Be6 13. h4 c5 14. Be3 Qa5 15. Bh6 bxa4 16. Bxg7 Kxg7 17. Qf4 h5 18. e5 dxe5 19. Qxe5 a3 20. g5 a2 21. gxf6+ Kg8 22. Nxa2 Qxa2 23. Bd3 Rfd8 24. Rhg1 Qd5 25. Qf4 Qd4 26. Qh6 Qxf6 27. Qxh5 Rab8 28. Qxc5 Qxb2+ 29. Kd2 Rbc8 30. Qg5 Rxc2+ 31. Ke3 Qd4# 0-1

[Event "Lueneburg op"]
[Site "Lueneburg"]
[Date "2014.08.15"]
[Round "7"]
[White "Oehne, Timo"]
[Black "Schenkelaars, Robin"]
[Result "1-0"]
[WhiteElo "2024"]
[BlackElo "1797"]
[PlyCount "41"]
[EventDate "2014.08.09"]
[EventType "swiss"]
[EventRounds "9"]
[EventCountry "GER"]
[SourceTitle "CBM 161 Extra"]
[Source "ChessBase"]
[SourceDate "2014.08.29"]
[SourceVersion "1"]
[SourceVersionDate "2014.08.29"]
[SourceQuality "1"]

1. e4 c5 2. Nc3 e6 3. Nf3 d5 4. exd5 exd5 5. d4 Nf6 6. Bb5+ Nc6 7. 0-0 Be7 8. Ne5 Qc7 9. Bf4 Bd6 10. Bg3 0-0 11. Nf3 Bxg3 12. hxg3 Nxd4 13. Nxd4 cxd4 14. Qxd4 a6 15. Be2 Bf5 16. g4 Bxc2 17. Rac1 Bg6 18. g5 Ne8 19. Nxd5 Qa5 20. Rfd1 Qd8 21. Qc5 1-0

[Event "Lueneburg op"]
[Site "Lueneburg"]
[Date "2013.07.21"]
[Round "7"]
[White "Oehne, Timo"]
[Black "Schiele, Lars"]
[Result "0-1"]
[WhiteElo "2017"]
[BlackElo "2097"]
[PlyCount "52"]
[EventDate "2013.07.15"]
[EventType "swiss"]
[EventRounds "7"]
[EventCountry "GER"]
[SourceTitle "CBM 155 Extra"]
[Source "ChessBase"]
[SourceDate "2013.08.26"]
[SourceVersion "1"]
[SourceVersionDate "2013.08.26"]
[SourceQuality "1"]

1. e4 e5 2. f4 exf4 3. Nf3 g5 4. Bc4 g4 5. 0-0 gxf3 6. Qxf3 Qf6 7. e5 Qxe5 8. Bxf7+ Kxf7 9. d4 Qf5 10. Bxf4 Nf6 11. Qb3+ Qe6 12. c4 Bg7 13. Nd2 Re8 14. Nf3 Kg8 15. Ng5 Qf5 16. h4 d5 17. Be5 dxc4 18. Qxc4+ Be6 19. Qxc7 Na6 20. Qxb7 Nc5 21. Qb5 Qg4 22. Rf4 Qg3 23. Qxc5 Rac8 24. Qb5 Rc2 25. Qf1 Qe3+ 26. Kh1 Bd5 0-1

[Event "GER-ch U16"]
[Site "Oberhof"]
[Date "2013.05.24"]
[Round "8"]
[White "Keller, Peter1111"]
[Black "Oehne, Timo"]
[Result "1-0"]
[WhiteElo "2065"]
[BlackElo "2027"]
[PlyCount "53"]
[EventDate "2013.05.19"]
[EventType "swiss"]
[EventRounds "9"]
[EventCountry "GER"]
[SourceTitle "CBM 154 Extra"]
[Source "ChessBase"]
[SourceDate "2013.06.25"]
[SourceVersion "2"]
[SourceVersionDate "2013.06.25"]
[SourceQuality "1"]

1. e4 c6 2. d4 d5 3. e5 Bf5 4. Nf3 e6 5. Be2 h6 6. 0-0 Ne7 7. b3 Nd7 8. c4 Ng6 9. Be3 Be7 10. Ne1 dxc4 11. bxc4 c5 12. f4 cxd4 13. Bxd4 Nh4 14. Nc3 Bh7 15. Bf2 a6 16. Qa4 Qc7 17. Nb5 Qc8 18. Nd6+ Bxd6 19. exd6 Nf5 20. c5 0-0 21. Nd3 h5 22. Rac1 Nf6 23. Ne5 Rd8 24. Rfd1 Nh6 25. c6 Ne4 26. Bf3 b5 27. Qa3 1-0

[Event "GER-ch U16"]
[Site "Oberhof"]
[Date "2013.05.19"]
[Round "2"]
[White "Heldt, Ronny"]
[Black "Oehne, Timo"]
[Result "0-1"]
[WhiteElo "1858"]
[BlackElo "2027"]
[PlyCount "88"]
[EventDate "2013.05.19"]
[EventType "swiss"]
[EventRounds "9"]
[EventCountry "GER"]
[SourceTitle "CBM 154 Extra"]
[Source "ChessBase"]
[SourceDate "2013.06.25"]
[SourceVersion "2"]
[SourceVersionDate "2013.06.25"]
[SourceQuality "1"]

1. d4 Nf6 2. c4 g6 3. Nf3 Bg7 4. g3 0-0 5. Bg2 c6 6. 0-0 d5 7. cxd5 Nxd5 8. e4 Nb6 9. Nc3 Bg4 10. Be3 Na6 11. h3 Be6 12. Ne2 Nc7 13. b3 Qd7 14. Nf4 Rfd8 15. Qc2 Rac8 16. Rad1 h6 17. Kh2 Na6 18. Nd3 Qe8 19. Nfe5 Nd7 20. f4 Nxe5 21. Nxe5 c5 22. d5 Nb4 23. Qb1 Bd7 24. Rc1 Bb5 25. Nc4 b6 26. f5 gxf5 27. exf5 Nxd5 28. Bd2 Bc6 29. Rce1 Nf6 30. Bxc6 Qxc6 31. Qc1 b5 32. Ne5 Qd5 33. Bxh6 Bxh6 34. Qxh6 Qd2+ 35. Qxd2 Rxd2+ 36. Kg1 Rxa2 37. Ra1 Rxa1 38. Rxa1 c4 39. bxc4 bxc4 40. Rxa7 c3 41. Ra1 Ne4 42. g4 c2 43. Nd3 Rd8 44. Nb2 Rb8 0-1

[Event "Niedersachsen-ch U16"]
[Site "Rotenburg"]
[Date "2013.03.29"]
[Round "9"]
[White "Beinke, Lukas"]
[Black "Oehne, Timo"]
[Result "1/2-1/2"]
[WhiteElo "1860"]
[BlackElo "2035"]
[PlyCount "41"]
[EventDate "2013.03.23"]
[EventType "swiss"]
[EventRounds "9"]
[EventCountry "GER"]
[SourceTitle "EXT 2015"]
[Source "ChessBase"]
[SourceDate "2014.11.20"]
[SourceVersion "1"]
[SourceVersionDate "2014.11.20"]
[SourceQuality "1"]

1. c4 Nf6 2. Nc3 e6 3. Nf3 d5 4. g3 c6 5. b3 Bd6 6. Bg2 0-0 7. 0-0 Re8 8. Qc2 a6 9. d4 b5 10. e4 Be7 11. a3 Bb7 12. e5 Nfd7 13. c5 Nf8 14. Ne1 Nbd7 15. f4 f5 16. b4 a5 17. Ra2 h6 18. Nd3 a4 19. Be3 Bc8 20. Qd1 Nh7 21. Qf3 1/2-1/2

[Event "Niedersachsen-ch U16"]
[Site "Rotenburg"]
[Date "2013.03.25"]
[Round "4"]
[White "Oehne, Timo"]
[Black "Hartogh, Christian"]
[Result "1-0"]
[WhiteElo "2035"]
[BlackElo "1767"]
[PlyCount "75"]
[EventDate "2013.03.23"]
[EventType "swiss"]
[EventRounds "9"]
[EventCountry "GER"]
[SourceTitle "EXT 2015"]
[Source "ChessBase"]
[SourceDate "2014.11.20"]
[SourceVersion "1"]
[SourceVersionDate "2014.11.20"]
[SourceQuality "1"]

1. e4 c6 2. d4 d5 3. exd5 cxd5 4. Nf3 Nf6 5. h3 Nc6 6. c4 h6 7. Nc3 Bf5 8. a3 e6 9. Be2 Be7 10. 0-0 0-0 11. Bf4 Rc8 12. c5 Ne4 13. Rc1 Ng5 14. Bg3 Nxf3+ 15. Bxf3 Bg5 16. Ra1 Bh7 17. b4 a6 18. Na4 Na7 19. Nb6 Rc6 20. a4 Bf6 21. Be2 Rxb6 22. cxb6 Qxb6 23. Qd2 Bxd4 24. Rac1 e5 25. a5 Qd8 26. Kh1 Nc6 27. f4 f6 28. fxe5 fxe5 29. Bg4 e4 30. Rxf8+ Qxf8 31. Be6+ Kh8 32. Bxd5 e3 33. Qe2 Nxb4 34. Bxb7 Bd3 35. Qg4 Qf6 36. Rc8+ Kh7 37. Be4+ Bxe4 38. Qxe4+ 1-0

[Event "GER-chT U16"]
[Site "Naumburg"]
[Date "2012.12.27"]
[Round "2"]
[White "Becker, Dirk"]
[Black "Oehne, Timo"]
[Result "0-1"]
[WhiteElo "1835"]
[BlackElo "2046"]
[PlyCount "86"]
[EventDate "2012.12.27"]
[EventType "team-swiss"]
[EventRounds "7"]
[EventCountry "GER"]
[SourceTitle "EXT 2014"]
[Source "ChessBase"]
[SourceDate "2013.11.20"]
[SourceVersion "1"]
[SourceVersionDate "2013.11.20"]
[SourceQuality "1"]
[WhiteTeam "Baden-Baden"]
[BlackTeam "Lingen"]
[WhiteTeamCountry "GER"]
[BlackTeamCountry "GER"]

1. e4 c6 2. Ne2 d5 3. e5 d4 4. d3 c5 5. Ng3 Qd5 6. f4 g5 7. fxg5 Qxe5+ 8. Be2 h6 9. g6 fxg6 10. 0-0 Nf6 11. Bf4 Qe6 12. c3 Nc6 13. Na3 Qd7 14. Bf3 Bg7 15. Nb5 0-0 16. Qb3+ Kh7 17. Bxc6 Qxc6 18. Nc7 Rb8 19. Rae1 c4 20. dxc4 dxc3 21. Nd5 Ra8 22. bxc3 Be6 23. Nxf6+ exf6 24. Rf2 Bxc4 25. Qb4 Rfe8 26. Rd1 Rad8 27. Rfd2 Rxd2 28. Rxd2 Qe6 29. h4 b5 30. Kh2 Qg4 31. Rf2 Qxh4+ 32. Kg1 a5 33. Qb1 Qg4 34. Nf1 Qe6 35. Ne3 f5 36. Nxc4 Qxc4 37. Qd1 Qxc3 38. Rc2 Qb4 39. Bd2 Qd4+ 40. Kh1 Qh4+ 41. Kg1 Bd4+ 42. Be3 Bxe3+ 43. Kf1 Qh1+ 0-1